Borders to Country #2 - Statistics

General Stats
  • This quiz has been taken 11 times
  • The average score is 14 of 15
Answer Stats
Borders Country % Correct
Azerbaijan, Georgia, Turkey, Iran Armenia
100%
Nicaragua, Panama Costa Rica
100%
Senegal Gambia
100%
Austria, Slovenia, Croatia, Serbia, Ukraine, Slovakia, Romania Hungary
100%
Estonia, Russia, Lithuania, Belarus Latvia
100%
Morocco, Mali, Algeria, Senegal Mauritania
100%
China, India Nepal | Bhutan
100%
Libya, Algeria, Mali, Burkina Faso, Benin, Nigeria, Chad Niger
100%
Saudi Arabia, Yemen, United Arab Emirates Oman
100%
Indonesia Papua New Guinea | Timor Leste
100%
D. R. Congo, Cameroon, Angola, Central African Republic, Gabon R. of Congo
100%
Liberia, Guinea Sierra Leone
100%
Algeria, Libya Tunisia
100%
India, Myanmar Bangladesh
73%
Brazil, Argentina, Bolivia Paraguay
64%
No matching quizzes found
Score Distribution
Percent of People with Each Score
Percentile by Number Answered
Your Score History
You have not taken this quiz